000 00913nam a22002415i 4500
001 176298
003 ES-MaACL
005 20250714101704.0
008 110107s1971 sp |||| | spa d
080 _a929 Huguenin, Jean-René
100 1 _aHuguenin, Jean-René.
_9144612
245 1 0 _aDiario /
_cJean-René Huguenin ; prefacio de François Mauriac ; versión del francés por M. Gómez Molleda.
260 _aMadrid :
_bNarcea,
_cD. L. 1971.
300 _a312 p. ;
_c19 cm.
490 1 _aBitácora. Biblioteca del estudiante ;
_v11
594 _aTít. original: Journal.
600 1 4 _aHuguenin, Jean-René-
_vBiografías.
_9144613
700 1 _aMauriac, François,
_d1885-1970
_979251
700 1 _aGómez Molleda, María Dolores,
_d1922-2017
_958053
830 0 _aBitácora. Biblioteca del estudiante ;
_v11
_9181903
852 _aES-MaACL
_jE-13943
_xOlim P-1892
999 _c176298
_d176298